000 00629nam a22001817a 4500
003 JO-AjAnu
005 20240430093907.0
008 240429b jo ||||| |||| 00| 0 ara d
040 _aJO-AjAnu
_cJO-AjAnu
041 _aara
050 _aDS36.7.S2458
_b2012
100 1 _aسخنيني،عصام
_965388
245 0 _aرؤية معاصرة للتاريخ : بحوث في التاريخ العربي الاسلامي /
_cعصام سخنيني
260 _aعمان :
_bدار الرضوان للنشر،
_c2013
300 _a350صفحة
650 7 0 _aالتاريخ الاسلامي - العرب
_965389
942 _2lcc
_cBK
_n0
999 _c33468
_d33468